Statistics for Ancient Peoples to Modern Country

Click here to take the quiz!

General Stats

  • This quiz has been taken 35 times
  • The average score is 15 of 24

Answer Stats

Group Country % Correct
MayaMexico, Guatemala, etc.
100%
ZuluSouth Africa, Lesotho, etc.
100%
IncaPeru, Ecuador, etc.
100%
AztecMexico
100%
MāoriNew Zealand
95%
CherokeeUnited States
95%
MinoanCrete (greece)
86%
BedouinSyria, Saudi Arabia, etc.
77%
VandalsGermany, France, etc.
73%
MaasaiKenya, Tanzania
73%
HelvetiiSwitzerland, France, etc.
73%
PictsScotland (uk)
64%
OlmecMexico
64%
HmongChina, Vietnam
59%
MedesIran, Iraq, etc.
59%
VistulansPoland
50%
HayatoKyushu (japan)
41%
SabinesItaly
41%
GaoshanChina
36%
HunasChina, India, etc.
32%
BrigantesEngland (uk), Ireland
27%
AmoritesIraq
23%
DughlatsMongolia, China, etc.
14%
VeddaSri Lanka
5%

Score Distribution

Percentile by Number Answered

Percent of People with Each Score

Your Score History

You have not taken this quiz